| 000 | 00686nam a2200229 a 4500 | ||
|---|---|---|---|
| 008 | |||
| 020 | _a0030094690 (pbk.) | ||
| 049 | _aMAIN | ||
| 090 |
_aHD31 _bDAF |
||
| 100 | 1 | _aDaft, Richard L. | |
| 245 | 1 | 0 |
_aManagement : _bstudy guide / _cRichard L. Daft, Stephen R. Hiatt. |
| 260 |
_aChicago : _bDryden Press, _c1988. |
||
| 300 |
_a394 p. ; _c28 cm. |
||
| 650 | 0 |
_aIndustrial management _xProblems, exercises, etc. |
|
| 700 | 1 |
_aDaft, Richard L. _tManagement. |
|
| 740 |
_aStudy guide : _bManagement. |
||
| 907 |
_a.b10021218 _b22-10-12 _c17-04-03 |
||
| 003 | |||
| 005 | 20230123133137.0 | ||
| 040 | _cNUST | ||
| 942 |
_cBOOKS _kHD31 _mDAF |
||
| 999 |
_c143504 _d143504 |
||